000 00835nam a22002777a 4500
003 CHAP
005 20220329140803.0
008 971013s1979 r 00010 d
010 _a57601
011 _a58573
035 _a62728
040 _cCHAP
082 _a636.089
_bS83Y
100 0 0 _aStamm, G. W.
_9109424
245 _aManual de veterinaria para ganaderos
260 _aMéxico :
_bEd. Concepto,
_c1979
300 _a407 p.
_b: ilus.
590 _aBATCH-UPD
_b10
_c20130110
_lUCH01
_h1129
590 _aCONVERSION
_b10
_c20130109
_lUCH01
_h1331
650 1 4 _aGanado
_xEnfermedades.
_944909
650 1 4 _aVeterinaria.
_9118987
901 _aBK
942 _cLIBRO
949 _a636.089 S83Y
_bBC
_cLIBRO
_d33724000278370
_eLIBRO
_h31023
_i62728
_si
949 _a636.089 S83Y
_bBC
_cLIBRO
_d33724000732541
_eLIBRO
_fc.2
_h62038
_i62728
_si
999 _c57601
_d57601